00249nam a2200097Ia 4500008004100000100002300041245004200064260002800106260000900134300000800143170620s9999 xx 000 0 und d aChaudhary- Santosh 0aVayavharik Hindi Vayakran avam Rachna bJaipur; Astha Prakashan c2008 a304